00979nam a2200301 a 45000010008000000030009000080050017000170070003000340080033000370200015000700400030000850820029001151000035001442450116001792640036002953000044003313360027003753370035004023380030004374900025004675000006004925000006004986500036005046500038005406500035005787000048006137100016006610000294DO-SdBPM20250407071724.0ta150130s2005 cl ac 000 0 spa d a9589422446 aDO-SdBPMbspacBPMSUerda 4a741.642bH573a 2005 2221 aHuertas Bustamante, Alexander 10aAventuras creativas : bplastilina /cAlexander Huertas Bustamante ; dirección general Jorge Monroy Valencia  aColombia :bEditar Ltda, c2005 a95 páginas :bilustraciones ;c29 cm. atextobtxt2rdacontent aSin meidiación bn2rdamedia avolumen bnc0rdacarriert0 aAventuras creativas  a  a  7aTrabajos manuales (Educación) 7aPlastilina xEnseñanza primaria 7aLibros ilustrados para niños1 aJorge Monroy Valencia edirección General2 aEditar Ltda